01746cam a22003255i 4500999001700000001001000017003000400027005001700031008004100048015001900089020001800108020001500126040002700141050001800168082002100186100002700207245008200234264006700316300002800383336002100411337002500432338002300457490003400480520053700514600007801051653008401129830004101213942001201254952015401266 c27161d27133008758931OSt20190214125150.0900613s1990 enk fr 000 ||eng d aGB90006882bnb a9780521378453 a0521378540 aUkcUkbengdEG-ScBUE 00aPQ2607.E834Z/04a843.912222bSTU1 aSturrock, John.94202610aLouis-Ferdinand Céline :bJourney to the end of the night /cJohn Sturrock. 1aCambridge ; aNew York : bCambridge University Press, c1990. avii, 97 pages ;c20 cm. atext2rdacontent aunmediated2rdamedia avolume2rdacarrier0 aLandmarks of world literature a "Journey to the End of the Night is a novel of savage, exultant misanthropy, full of a cynical humour and of the blackest pessimism in respect of humanity. Its millions of readers across the world have admired it uneasily, dismayed by Celine's morbidity, yet fascinated by his virtuosity as a writer. In this detailed study, John Sturrock shows why that admiration is absolutely in order, and why this extraordinary work should be acknowledged as one of the chief literary landmarks of the twentieth century. Book jacket."--Jacket10aCéline, Louis-Ferdinand, d1894-1961942025tVoyage au bout de la nuit. aFiction in FrenchaCéline, Louis-Ferdinanda1894-1961bHHUUEENNcFebruary2019 0aLandmarks of world literature.93148 2ddccBB 00102ddc40708BaccahaMAINbMAINc2NDd2019-02-14ePurchaseg182.00h21201l0o843.912 STUp000044261r2025-07-15 00:00:00v228.00w2019-02-14yBB